00796 2200265 4500001002100000005001500021035002000036007000300056008004100059020002200100082001200122084001800134100003000152245012900182250001000311260004400321300002100365500004300386650002500429700002400454700001200478700001800490990001100508990001100519INLIS00000000000353920090101105024 a0010-0109000084ta090101 g 0 ind  a978-602-6563-70-5 a297.911 a297.911 ABD m0 aABDURROHMAN, Asy-Syarqawi1 aMuhammad Sang Teladan /cAbdurrohman Asy-Syarqawi; penerjemah, Baihaqi Syafiuddin; editor, Sumbodo, Eni Oesman, Abu Khodijah acet.1 aSukmajaya :bSenja Media Utama,c[s.l.] a600 hlm ;c24 cm aJudul asli: Muhammad Rasuulul Hurriyah 4aISLAM. NABI MUHAMMAD0 aBAIHAQI, Syafiuddin0 aSUMBODO0 aABU, Khodijah a6819 a a6819 b